Colombia en la repartición imperialista (1870-1914) / (Registro nro. 3449)

Detalles MARC
000 -LEADER
fixed length control field 01221nam a2200253Ia 4500
003 - CONTROL NUMBER IDENTIFIER
control field OSt
005 - DATE AND TIME OF LATEST TRANSACTION
control field 20200722180614.0
008 - FIXED-LENGTH DATA ELEMENTS--GENERAL INFORMATION
fixed length control field 191128t1979 ck fr 000 0 spa d
040 ## - CATALOGING SOURCE
Original cataloging agency CO-JMCR
Transcribing agency CO-JMCR
041 0# - LANGUAGE CODE
Language code of text/sound track or separate title spa
082 04 - DEWEY DECIMAL CLASSIFICATION NUMBER
Classification number 338.986 /
Item number T596c
Edition number 23
100 1# - MAIN ENTRY--PERSONAL NAME
Personal name Tirado Mejía, Álvaro,
Relator term autor
9 (RLIN) 7601
245 10 - TITLE STATEMENT
Title Colombia en la repartición imperialista (1870-1914) /
Statement of responsibility, etc. Álvaro Tirado Mejía
250 ## - EDITION STATEMENT
Edition statement 2a. edición
260 ## - PUBLICATION, DISTRIBUTION, ETC.
Place of publication, distribution, etc. Medellín :
Name of publisher, distributor, etc. Ediciones Hombre Nuevo,
Date of publication, distribution, etc. ©1979
300 ## - PHYSICAL DESCRIPTION
Extent 224 páginas ;
Dimensions 17 cm.
490 0# - SERIES STATEMENT
Series statement Historia ;
Volume/sequential designation 1
505 0# - FORMATTED CONTENTS NOTE
Formatted contents note La repartición territorial en la era del imperialismo -- El caso de las minas de Timbiquí -- Rivalidades por Colombia a comienzos del Sigo XX -- Bambalinas del Canal de Panamá -- Reclamaciones de extranjeros por perjuicios de guerra
520 3# - SUMMARY, ETC.
Summary, etc. Contiene este libro los aspectos fundamentales de una tesis doctoral presentada en la Universidad de París, bajo la dirección del profesor Pierre Vilar, sobre la dominación imperialista en Colombia (1810-1914).
651 #4 - SUBJECT ADDED ENTRY--GEOGRAPHIC NAME
Geographic name Colombia
General subdivision política económica
9 (RLIN) 6872
651 #4 - SUBJECT ADDED ENTRY--GEOGRAPHIC NAME
Geographic name Colombia
General subdivision relaciones exteriores
9 (RLIN) 7648
651 #4 - SUBJECT ADDED ENTRY--GEOGRAPHIC NAME
Geographic name Colombia
General subdivision historia
Chronological subdivision 1870-1914
9 (RLIN) 7649
942 ## - ADDED ENTRY ELEMENTS (KOHA)
Source of classification or shelving scheme Dewey Decimal Classification
Koha item type Books
Existencias
Withdrawn status Lost status Source of classification or shelving scheme Damaged status Not for loan Collection code Home library Current library Date acquired Source of acquisition Full call number Barcode Date last seen Copy number Koha item type
    Dewey Decimal Classification     Non-fiction Biblioteca Pública José María del Castillo y Rada Biblioteca Pública José María del Castillo y Rada 04/11/2018 Donación 338.986 / T596c 201807301 05/16/2024 Ej.1 Books